Red country /

With her cowardly step father for company, Shy South journeys into the lawless Far Country, reckoning with the Ghosts and being forced into an alliance with the infamous soldier of fortune Nicomo Cosca, with one purpose in mind: to get her family back.

Bibliographic Details
Main Author: Abercrombie, Joe
Format: Book
Language:English
Published: New York : Orbit, 2012.
Edition:1st U.S. ed.
Subjects:

MARC

Tag First Indicator Second Indicator Subfields
LEADER 00000cam a2200000Ia 4500
001 in00002787937
005 20151202171611.0
008 120924s2012 nyub 000 1 eng d
019 |a 776525058 
020 |a 9780316187213 :  |c $25.99 
020 |a 0316187216 :  |c $25.99 
035 |a (OCoLC)ocn810953603 
035 |a (OCoLC)810953603  |z (OCoLC)776525058 
040 |a UPZ  |b eng  |c UPZ  |d BTCTA  |d BDX  |d YDXCP  |d GO9  |d CDX  |d BKX  |d JP3  |d BWX  |d VP@  |d TXA  |d UtOrBLW 
049 |a TXAM 
050 4 |a PR6101.B49  |b R58 2012 
082 0 4 |a 823/.92  |2 23 
100 1 |a Abercrombie, Joe. 
245 1 0 |a Red country /  |c Joe Abercrombie. 
250 |a 1st U.S. ed. 
264 1 |a New York :  |b Orbit,  |c 2012. 
300 |a 453 pages :  |b map ;  |c 25 cm. 
336 |a text  |b txt  |2 rdacontent 
337 |a unmediated  |b n  |2 rdamedia 
338 |a volume  |b nc  |2 rdacarrier 
520 |a With her cowardly step father for company, Shy South journeys into the lawless Far Country, reckoning with the Ghosts and being forced into an alliance with the infamous soldier of fortune Nicomo Cosca, with one purpose in mind: to get her family back. 
650 0 |a Quests (Expeditions)  |v Fiction. 
650 0 |a Soldiers  |v Fiction. 
650 0 |a Revenge  |v Fiction. 
655 7 |a Fantasy fiction.  |2 gsafd 
948 |a cataloged  |b h  |c 2012/12/3  |d c  |e ceaton  |f 3:01:57 pm 
994 |a C0  |b TXA 
999 |a MARS 
999 f f |s c462b592-c166-35a8-a944-bdbff797ffea  |i 880fc362-1628-3019-ac59-7383fc9ab185  |t 0 
952 f f |p normal  |a Texas A&M University  |b College Station  |c Sterling C. Evans Library  |s Evans stk  |d Evans: Library Stacks  |t 0  |e PR6101.B49 R58 2012  |h Library of Congress classification  |i unmediated -- volume  |m A14841622957 
952 f f |p noncirc  |a Texas A&M University  |b College Station  |c Cushing Memorial Library & Archives  |s cush scif  |d Cushing: Science Fiction (Does not check out)  |t 0  |e PR6101.B49 R58 2012  |h Library of Congress classification  |i unmediated -- volume  |m A14853092087 
998 f f |a PR6101.B49 R58 2012  |t 0  |l Cushing: Science Fiction (Does not check out) 
998 f f |a PR6101.B49 R58 2012  |t 0  |l Evans: Library Stacks